| 000 | 01203nam a2200301 a 4500 | ||
|---|---|---|---|
| 003 | CHAP | ||
| 005 | 20220817044413.0 | ||
| 008 | 101130s2002 mx 00010 spa d | ||
| 010 | _a100004 | ||
| 011 | _a100976 | ||
| 035 | _a111662 | ||
| 040 | _cCHAP | ||
| 090 | _aCD-306 | ||
| 111 | 2 |
_aColoquio Internacional sobre Servicio Social Comunitario ( _n3 _d: 2002 _c: D.F., Méx.) _925437 |
|
| 245 | 1 | 0 |
_aTercer coloquio internacional sobre servicio social comunitario [Disco compacto] : _bHacia la evaluación del servicio social como factor estratégico de transformación de las Instituciones de Educación Superior, del 8 al 10 de octubre _c/por Universidad Autonoma Metropolitana |
| 260 |
_aMéxico : _bUAM, _c2002 |
||
| 300 |
_a1 disco compacto ; _c4 3/4 plgs. |
||
| 590 |
_aBATCH-UPD _b10 _c20130110 _lUCH01 _h1633 |
||
| 590 |
_aBATCH-UPD _b10 _c20130410 _lUCH01 _h1025 |
||
| 590 |
_aBATCH-UPD _b10 _c20130914 _lUCH01 _h1011 |
||
| 590 |
_aCONVERSION _b10 _c20130109 _lUCH01 _h1355 |
||
| 650 | 0 | 4 |
_aServicio social _xCongresos. _9105317 |
| 710 | 0 | _aUniversidad Autónoma Metropolitana. | |
| 901 | _aBK | ||
| 911 | _aen proceso | ||
| 942 | _cCD | ||
| 949 |
_aCD-306 _bBC _cCD _d33724002224496 _eCD _i111662 _sb |
||
| 999 |
_c100004 _d100004 |
||